00395nam a2200145Ia 4500008004100000020001800041041000800059082001800067100001700085245006600102250000600168260004200174300001000216650002300226210716s2009 xx 000 0 und d a9788120336728 aeng a005.3068 KELS aKelkar, S A. aSoftware project management: a concise study.bConcise study. a2 aNew DelhibPHI Learning Pvt Ltdc2009 ax,230 aProject Management